All Marvel & DC Movies - Statistics

General Stats
  • This quiz has been taken 1,368 times
    368 since last reset
  • The average score is 100 of 158
Answer Stats
Year Movie % Correct
2013 Man of Steel
97%
2025 Superman
97%
1951 Superman and the Mole Men
97%
1978 Superman: The Movie
97%
2025 Aztec Batman: Clash of Empires
96%
1989 Batman
96%
2005 Batman Begins
96%
1966 Batman: The Movie
96%
2028 Dynamic Duo
96%
2022 The Batman
96%
2017 The Lego Batman Movie
96%
2008 Iron Man
95%
2011 Captain America: The First Avenger
94%
2002 Spider-Man
94%
2017 Spider-Man: Homecoming
94%
2018 Spider-Man: Into the Spider-Verse
94%
2012 The Amazing Spider-Man
94%
2012 The Avengers
94%
2011 Thor
94%
2019 Avengers: Endgame
91%
2003 Hulk
89%
2013 Iron Man 3
89%
2008 The Incredible Hulk
89%
2000 X-Men
89%
2019 Spider-Man: Far From Home
88%
2021 Spider-Man: No Way Home
88%
2018 Avengers: Infinity War
87%
2016 Captain America: Civil War
87%
2010 Iron Man 2
87%
2023 Spider-Man: Across the Spider-Verse
87%
2017 Thor: Ragnarok
87%
2013 Thor: The Dark World
87%
2015 Avengers: Age of Ultron
86%
2004 Spider-Man 2
86%
2014 The Amazing Spider-Man 2
86%
2008 The Dark Knight
86%
2015 Ant-Man
85%
2014 Captain America: The Winter Soldier
85%
2027 Spider-Man: Beyond the Spider-Verse
85%
2017 Wonder Woman
84%
2005 | 2015 Fantastic Four
83%
2007 Spider-Man 3
83%
2018 Black Panther
82%
2016 Deadpool
82%
2022 Thor: Love and Thunder
82%
2021 Black Widow
81%
2016 Doctor Strange
81%
2003 X-2: X-Men United
81%
2024 Deadpool & Wolverine
80%
2023 The Flash
80%
2021 Zack Snyder's Justice League
80%
2018 Ant-Man and the Wasp
79%
2014 Guardians of the Galaxy
79%
2017 Justice League
79%
2018 Aquaman
78%
1992 Batman Returns
78%
2019 Captain Marvel
78%
2025 The Fantastic Four: First Steps
78%
2011 X-Men: First Class
78%
2009 X-Men Origins: Wolverine
78%
2006 X-Men: The Last Stand
78%
2018 Deadpool 2
77%
1980 Superman II
77%
2012 The Dark Knight Rises
77%
2026 Avengers: Doomsday
76%
1995 Batman Forever
76%
2022 Black Panther: Wakanda Forever
76%
2022 Doctor Strange in the Multiverse of Madness
76%
2017 Guardians of the Galaxy Vol. 2
76%
1997 Batman & Robin
75%
1983 Superman III
75%
2023 Ant-Man and the Wasp: Quantumania
74%
2023 Guardians of the Galaxy Vol. 3
74%
2016 X-Men: Apocalypse
74%
2014 X-Men: Days of Future Past
74%
2025 Captain America: Brave New World
73%
2013 The Wolverine
73%
2003 Daredevil
72%
2027 Man of Tomorrow
72%
2016 Batman V. Superman: Dawn of Justice
71%
1987 Superman IV: Quest for Peace
71%
2023 The Marvels
71%
2021 Eternals
70%
1984 | 2026 Supergirl
70%
2025 Thunderbolts* *The New Avengers
70%
2019 X-Men: Dark Phoenix
70%
2023 Aquaman and the Lost Kingdom
69%
2020 Wonder Woman 1984
69%
1998 Blade
68%
2021 Shang-Chi and the Legend of the Ten Rings
68%
2016 Suicide Squad
68%
2021 The Suicide Squad
68%
2019 Joker
67%
2017 Logan
67%
2011 Green Lantern
66%
2026 Spider-Man: Brand New Day
66%
2027 Avengers: Secret Wars
64%
2018 Venom
64%
2002 Blade II
60%
2019 Shazam
60%
2006 Superman Returns
60%
2021 Venom: Let There Be Carnage
60%
2004 Blade: Trinity
59%
2007 Fantastic Four: Rise of the Silver Surfer
59%
2024 Joker: Folie à Deux
59%
2020 Birds of Prey
58%
2024 Venom: The Last Dance
58%
2005 Elektra
56%
2027 The Batman: Part II
54%
1989 | 2004 The Punisher
54%
2023 Shazam: Fury of the Gods
53%
2023 Blue Beetle
51%
2022 Morbius
51%
2022 Black Adam
50%
2007 Ghostrider
50%
2024 Kraven the Hunter
49%
2024 Madame Web
49%
2003 Catwoman
48%
2020 The New Mutants
48%
1986 Howard the Duck
45%
2011 Ghostrider: Spirit of Vengeance
40%
1982 Swamp Thing
40%
2010 Watchmen
39%
2026 Clayface
35%
2008 Punisher: War Zone
30%
1997 Steel
28%
2014 Big Hero Six
26%
2018 Teen Titans GO! To the Movies
26%
2005 Constantine
25%
1989 The Return of Swamp Thing
25%
2009 Jonah Hex
23%
N/A Batgirl
20%
2010 Red
19%
2006 V For Vendetta
18%
1997 Men in Black
16%
2002 Men in Black II
16%
1993 Batman: Mask of the Phantasm
15%
2012 Men in Black 3
15%
2022 DC League of Super-Pets
14%
2010 Kick-Ass
14%
2019 Men in Black: International
14%
TBA Stuntnuts Does School Fight
14%
TBA Stuntnuts: The Movie
14%
2010 The Losers
13%
2013 Kick-Ass 2
12%
2013 Red 2
12%
2019 The Kitchen
12%
2024 Argylle
11%
2017 Kingsman: The Golden Circle
10%
2014 Kingsman: The Secret Service
10%
2002 Road to Perdition
10%
2021 The King's Man
10%
2005 A History of Violence
9%
2003 The League of Extraordinary Gentlemen
8%
2007 Stardust
6%
No matching quizzes found
Score Distribution
Percent of People with Each Score
Percentile by Number Answered
Your Score History
You have not taken this quiz since the last reset